| 000 | 00481nam a2200193Ia 4500 | ||
|---|---|---|---|
| 003 | 0100 | ||
| 008 | 130227s9999 xx 000 0 und d | ||
| 020 | _a0586207341 | ||
| 040 | _cARRUPELIB | ||
| 050 | _aBX819.3.O68W34 1989 | ||
| 100 |
_aWalsh, Michael _927745 |
||
| 245 | 4 | _aThe Secret world of Opus Dei | |
| 260 | _aLondon | ||
| 260 | _bCollins Publishing Group | ||
| 300 | _a223p | ||
| 300 | _b 18cm | ||
| 650 |
_bOpus Dei (Association) _927746 |
||
| 942 |
_2lcc _cMONOGRAPH |
||
| 999 |
_c4528 _d4528 |
||